Malá Fatra - Terchová 1 - Hotel Jánošík : 2 - Ubytovací chatky hotelu : 3 - Vrátna dolina : 4 - Pohľad na Veľký Rozsutec - 1610 m : 5 - 6 - Vrátna - Tiesňavy : 7 - Obec Terchová : 8 - Dolné diery - vodopád

Zobrazenie: Pohľady na hotel Jánošík v Terchovej, ubytovacie chatky pri hoteli, Vrátnu dolinu, Veľký Rozsutec, Tiesňavy, obec Terchovú a vodopády v Jánošíkových dierach

Bibliographic Details
Other Authors: Hajduch, Ján, 1906-1972 (Photographer)
Format: Photo
Language:Czech
PhysicalDescription:1 pohľadnica (8 čiastkových pohľadov) čiernobiela 11 x 22 cm
Published: Praha Orbis 1970
Subjects:

MARC

LEADER 00000nkm a2200000 a 4500
001 vtls011981210
003 SK-MaSNL
005 20260331211926.0
007 kf bo
008 231121s1970 xr g 00 kucze
015 |a SNBG1970 
035 |a urn:nbn:sk:snk-km00ehf5 
035 |a urn:nbn:sk:snk-km45y1x 
035 |a 5E133B9A-83C2-4378-9ED4-239A64312AD5 
040 |a SNK  |b slo  |c SNK  |e AACR2 
041 0 |a cze 
043 |a e-xo--- 
044 |a xr  |c CZ 
072 7 |a 908(437)  |x Vlastiveda Česka a Slovenska  |2 konspekt 
080 |a 908(437.6)  |2 2011 
080 |a (234.372.4)  |2 2001 
080 |a 640.412  |2 2011 
080 |a (084.121)  |2 2001 
080 |a 551.24.055  |2 2011 
080 |a 728.61  |2 2011 
080 |a 913(437.6)  |2 2011 
100 1 |a Hajduch, Ján,  |d 1906-1972  |4 pht  |9 98286 
245 1 0 |a Malá Fatra - Terchová  |h grafika  |b 1 - Hotel Jánošík : 2 - Ubytovací chatky hotelu : 3 - Vrátna dolina : 4 - Pohľad na Veľký Rozsutec - 1610 m : 5 - 6 - Vrátna - Tiesňavy : 7 - Obec Terchová : 8 - Dolné diery - vodopád  |c foto: Ján Hajduch 
246 1 |i Názov na obrazovej časti:  |a Malá Fatra  |b hotel Jánošík 
260 |a Praha  |b Orbis  |c 1970 
300 |a 1 pohľadnica (8 čiastkových pohľadov)  |b čiernobiela  |c 11 x 22 cm 
500 |a Na adresnej strane uvedené: Foto © Ján Hajduch 
520 8 |a Zobrazenie: Pohľady na hotel Jánošík v Terchovej, ubytovacie chatky pri hoteli, Vrátnu dolinu, Veľký Rozsutec, Tiesňavy, obec Terchovú a vodopády v Jánošíkových dierach 
610 2 7 |a Hotel Jánošík (Terchová, Slovensko)  |2 SNKKA  |9 645440 
650 0 7 |a hotely  |2 SNKPH  |9 18422 
650 0 7 |a vrchy a štíty  |2 SNKPH  |9 165131 
650 0 7 |a chaty  |2 SNKPH  |9 29339 
651 7 |a Malá Fatra (Slovensko : pohorie)  |2 SNKPHgeo  |9 56372 
651 7 |a Vrátna dolina (Slovensko)  |2 SNKPHgeo  |9 160644 
651 7 |a Tiesňavy (Slovensko)  |2 SNKPHgeo  |9 191086 
651 7 |a Veľký Rozsutec (Malá Fatra, Slovensko : vrch)  |2 SNKPHgeo  |9 56715 
651 7 |a Terchová (Slovensko)  |2 SNKPHgeo  |9 68835 
651 7 |a Jánošíkove diery (Slovensko)  |2 SNKPHgeo  |9 52764 
655 7 |a geografické pohľadnice  |2 SNKPH  |9 70522 
655 7 |a miestne pohľadnice  |2 SNKPH  |9 70510 
852 |a Slovenská národná knižnica 
958 |a GC 
958 |a OND 
958 |a GBN 
958 |a EUIPO 
999 |c 1209964  |d 1211894 
952 |a SNK  |b SNK  |y PREZ  |7 0  |p 17A1379093  |o snkSP 82775  |0 0  |1 0  |4 0  |d 2020-07-13  |f 1  |l 0  |r 2026-02-24 23:09:59  |w 2026-02-24